书目信息 |
| 题名: |
教育知识与能力
|
|
| 作者: | 洪明, , 张锦坤, 主编 | |
| 分册: | 中学 | |
| 出版信息: | 北京 北京大学出版社 2014 |
|
| 页数: | 362页 | |
| 开本: | 26cm | |
| 丛书名: | ||
| 单 册: | ||
| 中图分类: | G451.1 | |
| 科图分类: | ||
| 主题词: | 教师--jiao shi--资格考试--教材 , 中学教师--zhong xue jiao shi--资格考试--教材 | |
| 电子资源: | ||
| ISBN: | 978-7-301-24790-7 | |
| 000 | 00927nam0 2200265 450 | |
| 001 | 340389 | |
| 005 | 20150625164953.01 | |
| 010 | @a978-7-301-24790-7@dCNY54.00 | |
| 100 | @a20150105d2014 em y0chiy50 ea | |
| 101 | 0 | @achi |
| 102 | @aCN@b110000 | |
| 105 | @ay z 000yy | |
| 106 | @ar | |
| 200 | 1 | @a教育知识与能力@Ajiao yu zhi shi yu neng li@i中学@f洪明, 张锦坤主编 |
| 210 | @a北京@c北京大学出版社@d2014 | |
| 215 | @a362页@d26cm | |
| 300 | @a国家教师资格考试指导教材 | |
| 330 | @a本书具体内容包括: 教育基础知识和基本原理、中学课程、中学教学、中学生学习心理、中学生发展心理、中学生心理辅导、中学德育、中学班级管理与教师心理等。 | |
| 606 | 0 | @a教师@Ajiao shi@x资格考试@j教材 |
| 606 | 0 | @a中学教师@Azhong xue jiao shi@x资格考试@j教材 |
| 690 | @aG451.1@v5 | |
| 701 | 0 | @a洪明,@Ahong ming@f1964-@4主编 |
| 701 | 0 | @a张锦坤,@Azhang jin kun@f1979-@4主编 |
| 801 | 0 | @aCN@b卓展宏图@c20150525 |
| 905 | @dG451.1@e143@f4 | |
| 教育知识与能力.中学/洪明, 张锦坤主编.-北京:北京大学出版社,2014 |
| 362页;26cm |
| 国家教师资格考试指导教材 |
| ISBN 978-7-301-24790-7:CNY54.00 |
| 本书具体内容包括: 教育基础知识和基本原理、中学课程、中学教学、中学生学习心理、中学生发展心理、中学生心理辅导、中学德育、中学班级管理与教师心理等。 |
| ● |
| 相关链接 |
|
|
|
|
正题名:教育知识与能力
索取号:G451.1/143
 
预约/预借
| 序号 | 登录号 | 条形码 | 馆藏地/架位号 | 状态 | 备注 |
| 1 | 865477 | 208654776 | 第一样本阅览室/ [索取号:G451.1/143] | 在馆 | |
| 2 | 865478 | 208654785 | 第四借阅区/ [索取号:G451.1/143] | 在馆 | |
| 3 | 865479 | 208654794 | 第四借阅区/ [索取号:G451.1/143] | 在馆 | |
| 4 | 865480 | 208654801 | 第四借阅区/ [索取号:G451.1/143] | 在馆 |